000 00746nam a2200205 a 4500
001 000041202
005 20201002034713.0
008 130925s1996 sp 001 0 spa d
020 _a8481641294
040 _aDO-SdBNP
_bspa
_cBNPHU
245 0 0 _aCuestiones morales /
_cedición de Osvaldo Guariglia.
260 _aMadrid :
_bConsejo Superior de Investigaciones Científicas,
_c1996.
300 _a318 p. :
_bil, ;
_c24 cm.
490 1 _aEnciclopedia iberoamericana de filosofía
_v12
500 _aIncluye índice
504 _aBibliografía : p. 317-318
504 _aIncluye referencias bibliográficas y notas al pie de las páginas
700 1 _aGuariglia, Osvaldo
_915733
830 0 _aEnciclopedia iberoamericana de filosofía
_v12
_915735
999 _c40692
_d40692